Efecto de la fecha de siembra sobre el rendimiento y calidad comercial de genotipos de cebada cervecera /

Guardado en:
Autor Principal: Moreyra, Federico.
Autor Corporativo: Universidad Nacional del Sur. Departamento de Agronomía.
Otros Autores: Morant, Alicia, (tutor.)
Formato: Libro
Idioma:Spanish
Publicado: Bahía Blanca, 2006.
Etiquetas: Agregar Etiqueta
Sin Etiquetas, Sea el primero en etiquetar este registro!
LEADER 00728nam a22001695a 4500
001 EEA.libagro007754
005 20180418092442.0
008 130809s2006####ag#a##########000#0#spa#d
082 0 4 |a 633.16 
100 1 |a Moreyra, Federico. 
245 1 0 |a Efecto de la fecha de siembra sobre el rendimiento y calidad comercial de genotipos de cebada cervecera /  |c Federico Moreyra. 
260 |a Bahía Blanca,  |c 2006. 
300 |a 36 h. :  |b il. ;  |c 30 cm. 
500 |a Trabajo de intensificación (Ingeniero Agrónomo) -- Universidad Nacional del Sur. Departamento de Agronomía, 2006. 
700 1 |a Morant, Alicia,  |e tutor. 
710 2 |a Universidad Nacional del Sur.  |b Departamento de Agronomía. 
859 |a AR-BbBCA  |b BIB. AGRONOMIA  |h 633.16  |i M845  |p 2007/5143